Quick Pick: Batman Actors Quiz Stats

 Plays Quiz Updated Jul 21, 2017

Support Sporcle.
Go Orange.
Score 0/6 Timer 00:30
0 Plays Today
% Correct
Ben Affleck
85.6%
Christian Bale
82.3%
George Clooney
75.7%
Michael Keaton
70.2%
Adam West
69%
Val Kilmer
60.6%

Today's Daily Dose

You're not logged in!

Compare scores with friends on all Sporcle quizzes.
OR
Log In
Forgot?

From the Vault

Guess the .COM Websites

by gloucester

You might be familiar with at least one of these.
Remove Ads.
Support Sporcle.
Get the best of Sporcle when you Go Orange. This ad-free experience offers more features, more stats, and more fun while also helping to support Sporcle. Thank you for becoming a member.

Show Comments

Extras

Top Quizzes Today


Score Distribution

Your Account Isn't Verified!

In order to create a playlist on Sporcle, you need to verify the email address you used during registration. Go to your Sporcle Settings to finish the process.

Report this User

Report this user for behavior that violates our Community Guidelines.

Details: